00573nam a2200181Ia 4500008004100000100002100041245009500062245002300157260004900180260000900229300003100238440004400269650002400313650001600337650000800353650001100361999001900372190422s9999 xx 000 0 und d aNerona, Randolfh aWar on crime and drugs: Understanding support for the anti-crime and anti-drugs campaign / cRandolfh Nerona.-- bPsychological Association of the Philippines c2017 apages 39-66, December 2017 aPhilippine Journal of Psychologyv50(2) aBinding Foundations aPerception  aRWA aThreat c361463d361463